Vocabulario técnico y crítico de la filosofía
Guardat en:
| Autor principal: | |
|---|---|
| Autor corporatiu: | |
| Format: | Llibre |
| Idioma: | espanyol |
| Publicat: |
Buenos Aires
El Ateneo
1966
|
| Edició: | 2a. ed |
| Matèries: | |
| Etiquetes: |
Afegir etiqueta
Sense etiquetes, Sigues el primer a etiquetar aquest registre!
|
MARC
| LEADER | 00000nam a2200000 a 4500 | ||
|---|---|---|---|
| 001 | UCT3423 | ||
| 003 | CL-VaPUC | ||
| 008 | 961024e19660000AG |||||||||||||||||spa|d | ||
| 082 | 0 | 4 | |a 103 |b LAL |2 21 |
| 100 | |a Lalande, André |e author |9 491080 | ||
| 110 | 2 | |a Sociedad Francesa de Filosofía |e author |9 372349 | |
| 245 | 1 | 0 | |a Vocabulario técnico y crítico de la filosofía |
| 250 | |a 2a. ed | ||
| 300 | |a 1251 p | ||
| 942 | |c BK | ||
| 945 | |d 19961024 00:00:00 |a lriquelm | ||
| 260 | |a Buenos Aires |b El Ateneo |c 1966 | ||
| 650 | 0 | |a Filosofía |9 223554 | |
| 650 | 0 | |a Diccionarios |9 256200 | |
| 650 | 0 | |a Glosarios |9 261047 | |
| 650 | 0 | |a Lexicografía |9 321487 | |
| 583 | |a last modification |c 19961024 00:00:00 |k Rodrigo Vera | ||
| 999 | |c 253079 |d 253077 | ||
| 952 | |0 0 |1 0 |4 0 |6 103_000000000000000_LAL_1966 |7 0 |8 X |9 273554 |a BIBCUR |b BIBCUR |d 2019-11-19 |i 1774913 |o 103 LAL 1966 |p 1774913 |r 2025-04-22 |w 2019-11-19 |y BK_X |k BCB | ||
| 952 | |0 0 |1 0 |4 0 |6 103_000000000000000_LAL_1966 |7 0 |8 F |9 273555 |a BIBARQ |b BIBARQ |d 2019-11-19 |i 1232002 |o 103 LAL 1966 |p 1232002 |r 2025-01-20 |w 2019-11-19 |y BK_F |k ARQ | ||